Grobner bases and convex polytopes
Αποθηκεύτηκε σε:
| Κύριος συγγραφέας: | |
|---|---|
| Μορφή: | Βιβλίο |
| Γλώσσα: | English |
| Δημοσίευση: |
Providence, R.I. :
American Mathematical Society,
c1996
|
| Σειρά: | University lecture series (Providence, R.I.)
; 8 |
| Θέματα: | |
| Ετικέτες: |
Προσθήκη ετικέτας
Δεν υπάρχουν, Καταχωρήστε ετικέτα πρώτοι!
|
MARC
| LEADER | 00000nam a2200000 i 4500 | ||
|---|---|---|---|
| 001 | 1/80060 | ||
| 008 | 080402s1996 eng d | ||
| 020 | |a 0-8218-0487-1 | ||
| 035 | |l 10096118 | ||
| 040 | |a GR-MY-UA |b gre |e aacr | ||
| 041 | 0 | |a eng | |
| 082 | 0 | |a 512.4 |2 (22) | |
| 100 | 1 | |a Sturmfels, Bernd |d 1962- | |
| 245 | 1 | 0 | |a Grobner bases and convex polytopes / |c Bernd Sturmfels |
| 260 | |a Providence, R.I. : |b American Mathematical Society, |c c1996 | ||
| 300 | |a xi, 162 σ.; |b εικ.; |c 26 εκ. | ||
| 490 | 1 | |a University lecture series |v ; 8 | |
| 504 | |a Περιέχει βιβλιογραφικές παραπομπές (σ. 155-159) και ευρετήριο | ||
| 650 | 0 | 0 | |a Grobner bases. |
| 650 | 0 | 0 | |a Convex polytopes. |
| 830 | 0 | |a University lecture series (Providence, R.I.) |v ; 8 | |
| 852 | |a INST |b SAMOS |e 20080402 |h 512.44 STU |p 005300026625 |q 005300026625 |t BK |y 0 | ||
| 901 | |a BIBL3-2008-1 | ||
| 909 | |a Σ |b 142415 | ||
| 922 | |a 3ΕΛΗ |b 200712 |c ΕΠΕΑΕΚ2/ΤΜΗΜΑ ΜΑΘΗΜΑΤΙΚΩΝ |d ΕΛΕΥΘΕΡΟΥΔΑΚΗΣ | ||
| 970 | |a ΡΟΥΣΣΟΥ |b ΚΩΝΣΤΑΝΤΙΝΑ |z 2008/04/02 | ||